[Event "Plzen, FSB C"]
[Site "?"]
[Date "2004.??.??"]
[Round "9.17"]
[White "Fakan, P."]
[Black "Polak, M."]
[Result "1-0"]
[WhiteElo "1200"]
[BlackElo "1368"]
[PlyCount "71"]
[EventDate "2004.??.??"]
[Source "ChessBase"]
[SourceDate "1996.11.15"]

1. d4 d5 2. Nf3 Nc6 3. Bf4 Nf6 4. e3 e6 5. a3 a6 6. c4 Be7 7. Nc3 O-O 8. Be2 b6
9. O-O Bd6 10. Bxd6 Qxd6 11. Qa4 Bd7 12. Qc2 Rfe8 13. b4 Nb8 14. c5 Qe7 15. Ne5
c6 16. cxb6 Bc8 17. Rfb1 Qb7 18. Na4 Nfd7 19. Nd3 Nxb6 20. Nac5 Qc7 21. a4 N8d7
22. Nxd7 Nxd7 23. b5 axb5 24. axb5 Rxa1 25. Rxa1 Bb7 26. Ra7 Qb6 27. Rxb7 Qxb7
28. bxc6 Qb6 29. cxd7 Rd8 30. Nc5 g6 31. f3 Rb8 32. e4 dxe4 33. fxe4 Qb1+ 34.
Qxb1 Rxb1+ 35. Kf2 Kf8 36. d8=Q+ 1-0

[Event "Plzen, FSB C"]
[Site "?"]
[Date "2004.??.??"]
[Round "9.18"]
[White "Hahn, C."]
[Black "Krizek, A."]
[Result "1-0"]
[WhiteElo "1601"]
[BlackElo "1000"]
[PlyCount "47"]
[EventDate "2004.??.??"]
[Source "ChessBase"]
[SourceDate "1996.11.15"]

1. e4 c5 2. Nc3 d6 3. f4 Nc6 4. Bc4 e6 5. Nf3 g6 6. d3 Bg7 7. a3 a6 8. Ne2 Na5
9. Ba2 Ne7 10. Ng3 Nac6 11. c3 d5 12. O-O O-O 13. Qe2 Re8 14. Be3 b6 15. h4 h5
16. Rf2 d4 17. Bd2 Kf8 18. Ng5 Ng8 19. f5 Bf6 20. fxg6 Ne5 21. gxf7 Nxf7 22.
Nxf7 Kxf7 23. e5 Kg7 24. Nxh5+ 1-0

[Event "Plzen, FSB C"]
[Site "?"]
[Date "2004.??.??"]
[Round "9.19"]
[White "van der Heide, G."]
[Black "van Merkerk, R."]
[Result "1-0"]
[WhiteElo "1648"]
[BlackElo "1400"]
[PlyCount "40"]
[EventDate "2004.??.??"]
[Source "ChessBase"]
[SourceDate "1996.11.15"]

1. e4 e5 2. Nf3 d6 3. d4 Nd7 4. Be3 c6 5. c3 Ngf6 6. Nbd2 Be7 7. a4 a5 8. h3
O-O 9. Qc2 Qe8 10. Nc4 Bd8 11. Nxd6 Qe7 12. Nxc8 Rxc8 13. Bd3 Re8 14. Nd2 Qd6
15. O-O Bc7 16. f4 exd4 17. e5 Qd5 18. Bc4 Qc5 19. Bxd4 Qe7 20. exf6 Nxf6 1-0